000 00593nam a22001817a 4500
005 20161206101856.0
010 _aENG-116319
020 _a9788193095409
_c795.00
035 _aEN-99851
037 _bDBAD/PUB
082 0 4 _a940.2
245 0 4 _aAncient European history /
_cedited by Parmeshwer Hegde
260 _aNew Delhi
_bFalguni Publishers & Distributors
_c2015
270 _a202 IInd Floor,4832/24,Prahlad Street,Ansari Road,Daryaganj
_bNew Delhi
_e110002
300 _a321p. :
_c21cm(Hb)
_bill(maps)
700 _d Hegde,Parmeshwer
942 _2ddc
_cEN
_h940.2
_mANC
999 _c104304
_d104304